000 00545nam a2200169 i 4500
001 38380
003 ES-MaACL
005 20230906155739.0
007 t|
008 030225s1972 sp ||||1| spa d
100 1 _aBurnet, Macfarlane.
_932733
245 1 3 _aEl mamífero dominante
_b: la biología del destino humano /
_cMacfarlane Burnet ; [traductor: Salvador García Cernuda].
260 _aMadrid :
_bAlianza,
_c[1972]
300 _a206 p. ;
_c18 cm.
700 1 _aGarcía Cernuda, Salvador.
_954366
852 _aES-MaACL
_jC-53183
_bR.84534
999 _c38380
_d38380